FIFA Dünya Kupası'nı Kazanan Tüm Takımlar - Statistics

General Stats
  • This quiz has been taken 83 times
  • The average score is 8 of 8
Answer Stats
Şampiyon % Correct
Brezilya
100%
Fransa
100%
Almanya
99%
Arjantin
99%
İspanya
98%
İtalya
98%
Uruguay
96%
İngiltere
94%
No matching quizzes found
Score Distribution
Percent of People with Each Score
Percentile by Number Answered
Your Score History
You have not taken this quiz